Secado de granos basicos mediante la tecnologia del estrado fuente

Sábháilte in:
Sonraí bibleagrafaíochta
Príomhchruthaitheoir: Villalobos Yock, Guillermo
Formáid: Tráchtas LEABHAR
Teanga:Undetermined
Foilsithe / Cruthaithe: 1984
Ábhair:
Clibeanna: Cuir clib leis
Níl clibeanna ann, Bí ar an gcéad duine le clib a chur leis an taifead seo!

MARC

LEADER 00000nam a2200000Ia 4500
001 2321
008 140114s9999 xx 000 0 und d
100 |a Villalobos Yock, Guillermo 
245 |a Secado de granos basicos mediante la tecnologia del estrado fuente 
260 |c 1984 
500 |a NULL 
502 |a Escuela de ingenieria Quimica 
650 |z SECADO DE GRANOS 
999 |c 11552  |d 11552